Baskın (Record no. 6413)

MARC details
000 -BAŞLIK
Sabit Uzunlukta Kontrol Alanı 00890na a2200301 4500
001 - KONTROL NUMARASI
Denetim Alanı 16640
003 - KONTROL NUMARASI IDENTIFIER
Denetim Alanı MIRAKIL
005 - SON İŞLEM TARİHİ VE ZAMANI
Denetim Alanı 20181213155107.0
008 - SABİT-BOY VERİ ELEMANLARI - GENEL BİLGİLER
Sabit Uzunlukta Kontrol Alanı 161013b tu 000 0
020 ## - ULUSLARARASI STANDART KİTAP NUMARASI
Uluslararası Standart Kitap Numarası 9789750127458
035 ## - SİSTEM KONTROL NUMARASI
Sistem Kontrol Numarası 16640
040 ## - KATALOGLAMA KAYNAK
Orijinal Kataloglama Ajansı Milas
Kataloglama Dili tur
Metne Dönüştürmek Ajansı TR-AnCHP
041 ## - DİL KODU
Metin / Ses Parça Veya Ayrı Başlığın Dil Kodu tur
082 ## - DEWEY ONLU SINIFLANDIRMA NUMARASI
Sınıflandırma Numarası 923.5 Ağar,A.
Ürün Numarası A32b 2009
090 ## - SINIFLAMA NUMARASI
Sınıflama Numarası 923.5 Ağar,A. A32b 2009
100 ## - ANA GİRİŞ - KİŞİSEL İSİM
Kişisel Ad Ağar, Abdullah
245 ## - BAŞLIK TABLOSU
Başlık Baskın
Başlığın Kalan biz bu dağların erleri
Sorumluluk Tablosu, Vb Abdullah Ağar
246 ## - UNVAN FORM VARYING
Başlık Doğru / Kısa Başlığı Biz bu dağların erleri
250 ## - EDITION TABLOSU
Baskı Beyanı 3.bs.
260 ## - YAYIN, DAĞITIM, VB
Yayın, Dağıtım, Vb Yeri İstanbul
Yayıncı, Dağıtıcı, Vs Adı Kitaptürk
Yayın, Dağıtım, Vb Tarihi 2009
300 ## - FİZİKSEL TANIM
Kapsam 384 s.
Diğer Fiziksel Ayrıntıları fotg.
Boyutlar 23 sm.
500 ## - GENEL NOT
Genel Not Yapıt yazarından imzalıdır.
600 ## - KONU KATMA GİRİŞ - KURUMSAL ADI
Kişisel Ad Ağar, Abdullah
Başlıklar Ve Bir Adla İlişkili Diğer Kelimeler Tim komutanı
Genel Alt Bölümü Anılar
650 ## - KONU KATMA GİRİŞ - TOPİKAL DÖNEM
Topikal Süreli Veya Coğrafi Ad Giriş Elemanı Askerler
Genel Alt Bölümü Öyküler
Coğrafi Alt Bölümü Güneydoğu Anadolu
650 ## - KONU KATMA GİRİŞ - TOPİKAL DÖNEM
Topikal Süreli Veya Coğrafi Ad Giriş Elemanı Şehit ve gaziler
Genel Alt Bölümü Anılar
651 ## - KONU KATMA GİRİŞ - COĞRAFİ ADI
Coğrafi İsim Güneydoğu Anadolu
Genel Alt Bölümü Terör
Kronolojik Alt Bölümü Anılar
942 ## - EKLENDİ GİRİŞ ELEMANLARI (KOHA)
Sınıflandırma Veya Raf Düzeni Kaynak Dewey Decimal Classification
Koha Öğesi Türü Books
999 ## - SİSTEM KONTROL NUMARALARI (KOHA)
Koha Biblionumber 6413
Koha Biblioitemnumber 6413
Holdings
Kalıcı Konum Mevcut Konum Edinme Tarihi Edinim Kaynak Toplam Check-Out'Lar Tam Çağrı Numarası Barkod Tarih Son Görülme İtibaren Geçerli Fiyatlar Koha Öğesi Türü
CHP Kütüphanesi CHP Kütüphanesi 10/09/2016 Bağış   923.5 Ağar,A. A32b 2009 006655 10/09/2016 10/09/2016 Books